British painting (Record no. 4953)

MARC details
000 -CABECERA
campo de control de longitud fija 00752nam a2200229 a 4500
001 - NÚMERO DE CONTROL
campo de control BRCA_5259
005 - FECHA Y HORA DE LA ÚLTIMA TRANSACCIÓN
campo de control 20190320205015.0
008 - DATOS DE LONGITUD FIJA--INFORMACIÓN GENERAL
campo de control de longitud fija 301110s1933----uk-a######---#000-0#eng-#
041 ## - CÓDIGO DE LENGUA
Código de lengua del texto/banda sonora o título independiente eng
044 ## - CÓDIGO DEL PAÍS DE LA ENTIDAD EDITORA/PRODUCTORA
Código MARC del país Uk
050 #4 - SIGNATURA TOPOGRÁFICA DE LA BIBLIOTECA DEL CONGRESO
Número de clasificación ND461
Número de documento/Ítem .C65 1933
100 1# - ENTRADA PRINCIPAL--NOMBRE DE PERSONA
Nombre de persona Collins Baker, C. H.
9 (RLIN) 13469
245 10 - MENCIÓN DE TÍTULO
Título British painting
Mención de responsabilidad, etc. by C. H. Collins Baker ; with a chapter on primitive painting by Montague R. James.
260 ## - PUBLICACIÓN, DISTRIBUCIÓN, ETC.
Lugar de publicación, distribución, etc. Gran Bretaña
Nombre del editor, distribuidor, etc. Hale, Cushmann & Flint
Fecha de publicación, distribución, etc. 1933
300 ## - DESCRIPCIÓN FÍSICA
Extensión xxxvi, 319 p.
Otras características físicas il., 140 láminas
Dimensiones 24 cm.
500 ## - NOTA GENERAL
Nota general Incluye índice alfabético, índice de ilustraciones y apéndices
500 ## - NOTA GENERAL
Nota general E78
650 14 - PUNTO DE ACCESO ADICIONAL DE MATERIA--TÉRMINO DE MATERIA
Término de materia o nombre geográfico como elemento de entrada Pintura
Subdivisión general Historia
Subdivisión geográfica Gran Bretaña
9 (RLIN) 13470
700 1# - PUNTO DE ACCESO ADICIONAL--NOMBRE DE PERSONA
Nombre de persona James, Montague R.
9 (RLIN) 13471
902 ## - CATALOGADOR
Iniciales GFM
942 ## - ELEMENTOS DE PUNTO DE ACCESO ADICIONAL (KOHA)
Fuente del sistema de clasificación o colocación Library of Congress Classification
Tipo de ítem Koha Libros
Holdings
Estado de retiro Estado de pérdida Estado dañado No para préstamo Localización permanente Ubicación/localización actual Fecha de adquisición Número de inventario Total de préstamos Signatura topográfica completa Código de barras Fecha visto por última vez Precio válido a partir de Tipo de ítem Koha
El ejemplar forma parte de la colección y puede ser consultado según las políticas vigentes.       Biblioteca del Museo Franz Mayer (Rogerio Casas-Alatriste) Biblioteca del Museo Franz Mayer (Rogerio Casas-Alatriste) 30/11/2010 E78   ND461 .C65 1933 (E78) 5694 22/03/2019 22/03/2019 Libros